Carregant...

Vishathitamashathakeeya keraleeya samskritha mahakavyanama adhyanam (20th century sanskrit mahakavyas of kerala- a study)

Dades bibliogràfiques
Autor principal: Suresh Babu E
Publicat: Kalady Sree Sankaracharya University of Sanskrit 2002
Matèries:
LEADER 00818nam a22002051a 4500
020 |c 0.00 
040 |a SSUS - Library - Kalady 
082 |a PSS 891.21  |b SUR/T 
100 |a Suresh Babu E 
245 |a Vishathitamashathakeeya keraleeya samskritha mahakavyanama adhyanam (20th century sanskrit mahakavyas of kerala- a study)  |h [Ph.D Thesis] 
260 |a Kalady  |b Sree Sankaracharya University of Sanskrit  |c 2002 
300 |a 292p. 
600 |a Literature 
600 |a Poetry Sanskrit 
600 |a Sanskrit Sahitya Phd thesis 
600 |a Literature Sanskrit 
852 |k Reference  |h PSS 891.21  |i SUR/T  |p T738  |9 0.00  |t 0 
942 |c PHDT 
999 |c 50056  |d 50056 
952 |0 0  |1 0  |2 ddc  |4 0  |6 R_PSS_891_210000000000000_SUR_T  |7 0  |9 72867  |a SSUS  |b SSUS  |c REF  |d 2015-01-08  |g 0.00  |o R PSS 891.21 SUR/T  |p TH0052  |r 2015-01-08  |v 0.00  |w 2015-01-08  |y PHDT